000
00296nam a22001337a 4500
008
180105b xxu||||| |||| 00| 0 eng d
020
_a
9780385181013
041
_a
eng
080
_2
3rd
_a
038
100
_a
39
101
_a
FJA
245
_a
Dictionary Geological
_c
Bates, R.L
942
_2
udc
_c
BK
999
_c
39812
_d
39812